00459nam a2200157 a 450000100060000000300090000600800410001502000150005604000280007108200160009910000390011524500840015426000290023830000110026765000230027818218CO-ViMGA141112s2004 ck r 000 u spa d a9681807421 aCO-ViMGAbspacCO-ViMGA04a371.3 C175h1 aCarman, Robert A.; Adams, W. Royce10aHabilidad para estudiar . Guía práctica para mejorar el rendimiento escolar aMexico, cLimusa, c1998 a266.p.14aMETODOS DE ESTUDIO